| 000 | 00349nam a2200133Ia 4500 | ||
|---|---|---|---|
| 008 | 240624s9999 xx 000 0 und d | ||
| 041 | _aeng | ||
| 082 | _a330.01 WAT | ||
| 100 | _aWATSON JOEL | ||
| 245 | _aSTRATEGY AN INTRODUCTION TO GAME THEORY | ||
| 260 |
_c2004 _aNew Delhi _bViva Books Private Limited |
||
| 300 | _a352 : p. | ||
| 365 |
_cRS _b33.5 |
||
| 999 |
_c16267 _d16267 |
||